000 00713nam a2200253 a 4500
001 000045711
003 DO-SdBNP
005 20180328095123.0
007 000045711
008 150430s2008 dr a 000 0 spa d
020 _a9789945001525
040 _aBPMET
_bspa
_cBPMET
092 _axxxx
_bxxxx
100 1 _aDamirón, Anya
245 1 0 _aNiño inventor /
_cAnya Damirón ; ilustrado Pablo Pino.
260 _aSanto Domingo :
_bLucia Stories,
_c2008.
300 _a[20 ] p. :
_bil. ;
_c21 cm.
490 _aLucias stories
700 1 2 _aPino, Pablo,
_eil.
830 _pLucias stories
942 _2ddc
_cBK
945 _aRemanejado para la BNPHU / 2018 VM
956 _aVMATEO
_b10
_c20150507
_lBPMSU
_h00151
999 _c7811
_d7811